| 000 | 01180nam a2200289 i 4500 | ||
|---|---|---|---|
| 003 | EG-ScBUE | ||
| 005 | 20240102120258.0 | ||
| 008 | 170720s1996 ua bo f 000 0 ara d | ||
| 040 |
_aEG-ScBUE _bara _erda _dEG-ScBUE _cEG-ScBUE |
||
| 043 | _af-ua--- | ||
| 082 | 0 | 4 |
_a962.03 _bص ب ر _222 |
| 100 | 1 |
_aصبري، محمد، _eمؤلف. |
|
| 245 | 1 | 0 |
_aتاريخ مصر من محمد علي إلى العصر الحديث / _cتأليف محمد صبري، الحائز لدكتوراه الدولة في الآداب مع الشرف من جامعة باريس، أستاذ التاريخ العصري بالجامعة المصرية. |
| 250 | _aالطبعة الثانية. | ||
| 264 |
_aالقاهرة : _bمكتبة مدبولي، _c1996. |
||
| 300 |
_a313 صفحة : _bخرائط، صور ؛ _c24 سم. |
||
| 336 |
_2rdacontent _aنص _btxt |
||
| 337 |
_aبدون وسيط _2rdamedia _bn |
||
| 338 |
_aمجلد _bnc _2rdacarrier |
||
| 490 | 0 |
_aصفحات من تاريخ مصر ؛ _v13 |
|
| 590 | _aسامح | ||
| 650 | _2BUEsh | ||
| 651 | 7 |
_aمصر _xتاريخ _yمحمد علي، 1805-1849. _2BUEsh |
|
| 653 |
_bGGEN _cJuly2017 |
||
| 655 | _vReading book | ||
| 942 | _2ddc | ||
| 999 |
_c25058 _d25030 |
||